Top 10 Safest Cities in Africa - 2024 - Statistics

General Stats
  • This quiz has been taken 44 times
  • The average score is 9 of 10
Answer Stats
# Country Answer % Correct
3 Egypt Alexandria
98%
7 Egypt Cairo
98%
6 Ethiopia Addis Ababa
95%
9 Algeria Algiers
95%
2 Morocco Rabat
95%
5 Tunisia Tunis
95%
10 Morocco Casablanca
93%
4 Ghana Accra
88%
1 Rwanda Kigali
81%
8 Botswana Gaborone
79%
No matching quizzes found
Score Distribution
Percent of People with Each Score
Percentile by Number Answered
Your Score History
You have not taken this quiz